000 00524cam a2200193ua 4500
005 20201222135756.0
008 191015n ii |||gr||||Z||||||eng
020 _a9789383252886
040 _cMAIN
_aIN-DiNC
041 _deng
082 _a338.0954
_bURB
245 _aUrbanization and industrial development /
_cedited by Pranjal Sarma
250 _a1st ed.
260 _aGuwahati:
_bEBH publishers,
_c2016.
300 _a238p.
650 _aEconomic development
700 _aSarma, Pranjal
_eauthor
942 _cBK
_2ddc
999 _c10469
_d10469